Quizzes
Events
Quiz Creation
Community
Videos
Private Events
Remove Ads
Sign In
Join for FREE
Feedback
Dark Mode
Quiz Categories
Sports
Geography
Music
Movies
Television
Just For Fun
Miscellaneous
History
Literature
Language
Science
Gaming
Entertainment
Religion
Holiday
For Kids
Quiz Lab
Recent
Popular Today
Quiz Kudos Today
Editor Picks
Curator Picks
Quizzes by...
Day
Popularity
Type
Ratings
Length
Year
Community
Subscriptions
Recent Discussions
Orange Saloon
Badges
Playlists
Quests
Create
Leaderboards
Showdown
Live 5
Trivia Bingo
Activity
Puzzle Library
Sporcle Events
Private Events
Virtual Trivia
Globe League
Become a Host
Pub Owners
SporcleCon
Opinionation
Our Games
Videos
Blog
Mobile Apps
Partnerships
Remove Ads and Go Orange
Feedback
Music
Pop Music
The Beatles
Song
Album
Lyrics
Bands
Singers
Artist
Clip
Rock
Rap
Classical
Billboard
Country Music
Kpop
Taylor Swift
Music
Pop Music
The Beatles
Song
Album
Lyrics
Bands
Singers
Artist
Clip
Rock
Rap
Classical
Billboard
Country Music
Kpop
Taylor Swift
Random Quiz
Search Sporcle
×
Quiz Lab
Quiz Lab
Music
Album
Type in answers that appear in a list
Type in answers that appear in a list
Classic
Best Score? Go Orange.
Best Albums of the 2000's Stats
Can you name the artists who made the best albums of the 2000s?
By
yeahhh
12m
50 Questions
707 Plays
707 Plays
707 Plays
Comments
Comments
Give Quiz Kudos
Give Quiz Kudos
-
- Ratings
hide this ad
Replay
Link that replays current quiz
Next Quiz
Link to next quiz in quiz playlist
You Got
0%
They Got
Avg Score
54%
Avg Friend Score
Upgrade to see
Score Distribution
Jump to the score distribution portion of the page
Score
0/50
Timer
12:00
0
Plays Today
Album
Artist
% Correct
A Rush Of Blood To The Head
Coldplay
94.1%
Parachutes
Coldplay
94.1%
Viva La Vida...
Coldplay
94.1%
American Idiot
Green Day
89.4%
Whatever People Say I Am, That's What I'm Not
Arctic Monkeys
84.3%
Favourite Worst Nightmare
Arctic Monkeys
84.3%
Kid A
Radiohead
80.7%
In Rainbows
Radiohead
80.7%
Amnesiac
Radiohead
80.7%
Hail To The Thief
Radiohead
80.7%
The Marshall Mathers LP
Eminem
78.6%
Back To Black
Amy Winehouse
75.9%
Is This It
The Strokes
74.4%
Hot Fuss
The Killers
70.7%
Elephant
The White Stripes
70.3%
White Blood Cells
The White Stripes
70.3%
Absolution
Muse
68.7%
Origin Of Symmetry
Muse
68.7%
Black Holes And Revelations
Muse
68.7%
The College Dropout
Kanye West
64.7%
Demon Days
Gorillaz
64.6%
Funeral
Arcade Fire
63.2%
Neon Bible
Arcade Fire
63.2%
xx
The xx
60.9%
Oracular Spectacular
MGMT
52.8%
Album
Artist
% Correct
*Artist's Name* (FF)
Franz Ferdinand
52.1%
Songs For The Deaf
Queens Of The Stone Age
49.7%
Toxicity
System Of A Down
48.7%
Yankee Hotel Foxtrot
Wilco
47.3%
For Emma, Forever Ago
Bon Iver
45.3%
Yoshimi Battles The Pink Robots
The Flaming Lips
42.9%
Turn On The Bright Lights
Interpol
42.2%
Illinois
Sufjan Stevens
40.5%
Discovery
Daft Punk
40.1%
Sound Of Silver
LCD Soundsystem
37.4%
*Artist's Name* (VW)
Vampire Weekend
36.5%
Sea Change
Beck
34.1%
Merriweather Post Pavilion
Animal Collective
32.7%
The Moon & Antarctica
Modest Mouse
32.4%
*Artist's Name* (FF)
Fleet Foxes
32%
Silent Alarm
Bloc Party
32%
Lateralus
Tool
30.3%
Boxer
The National
29%
Madvillainy
Madvillain
28.6%
Lift Your Skinny Fists Like Antennas To The Heaven
Godspeed You! Black Emperor
27.3%
Takk...
Sigur Ros
25.8%
I'm Wide Awake, It's Morning
Bright Eyes
24.4%
Since I Left You
The Avalanches
20%
Ys
Joanna Newsom
19.5%
Hospice
The Antlers
15.2%
Quiz Playlist
Details
Report
Send in Message
Add To Playlist
Classic:
Type in answers that appear in a list
Last Updated: Apr 17, 2018
Quiz Scoreboard
CHALLENGE
Sign Up to Join the Scoreboard
Show All
Scores
Hide
Comments
May contain spoilers
Recently Published
College Basketball Coaching Resumes
by pancakes188
Sports
9m
Billboard Blitz: Fleetwood Mac
by CooCooCachoo
Music
15s
Presidents Visiting Landmarks
by Hejman
History
7m
More to Explore
Quiz From the Vault
Featured Blog Post
Where Did the Easter Bunny Come From?
hide this ad
You Might Also Like...
Tags
Album Quiz
50 Best
Arcade Fire
Arctic Monkeys
Debut Album
Music Industry
Music Releases
Radiohead
Solo Albums
Studio Albums
The White Stripes
Wilco
Today's Top Quizzes in Music
Browse Music
hide this ad
Today's Top Quizzes in Album
Browse Album
Top Contributed Quizzes in Music
1
Taylor Swift All Songs (2024)
2
7-to-1: Billboard Hot 100 #1 Hits of 2010s
3
Guess the Artist- 70s Songs
4
Sorting Albums and Songs
5
Taylor Swift Logic Puzzle
6
KPOP LOGIC QUIZ
7
Guess the Taylor Swift song (Mystery Song)
8
2010s Album by Cover III
9
One Thing in Common: Music
10
Guess The Taylor Swift Lyrics Song #1
Explore More
Trending Topics
Crossword
Anime
Harry Potter
Marvel
NBA
Kpop
Disney
WWE
Puzzle
NFL
Pokémon
Country
Song
The Office
Soccer
hide this ad
More By:
yeahhh
Quiz
Plays
Rating
Category
Featured
Created
Kanye West Songs By Album
4,375
4.50
Music
Feb 19, 2016
Chance the Rapper's 'Ultralight Beam' Verse
3,135
4.90
Music
Mar 25, 2016
Kanye West's 'The Life Of Pablo' Songs
2,250
3.67
Music
Feb 14, 2016
Opening Lines on 'Channel Orange' by Frank Ocean
1,794
4.60
Music
Jan 4, 2015
Opening Lines on 'Whatever People...' by Arctic Monkeys
1,350
5.00
Music
May 13, 2016
Go to Creator's Profile
Score Distribution
Quiz Creator Spotlight
yeahhh
Follow
Send a Message
Quizzes Created
-
Created Quiz Play Count
-
More By This Creator
Popular Quizzes Today
1
Find the US States - No Outlines Minefield
2
Find the Countries of Europe - No Outlines Minefield
3
The Countries of the World
4
Find the US States
5
Risky Map Clicking: Biggest States A-Z
6
US States
7
Popular People in 1961
8
Movies - When Are They Set?
More Music Quizzes
AI-Generated Opening Lines: The Beatles
Curator's Pick
Trending Quizzes
Risky Map Clicking: Least Populous States A-Z
1-10 Letter G Words
1-10 Letter F Words
Risky Map Clicking: Next State Alphabetically
Risky Map Clicking: Biggest States A-Z
Recently Updated
Leaping Animals
pecheneg
Reality TV Shows (A-Z)
bhenderson79
Rickey Henderson's Hall of Fame Teammates
pecheneg
Champions League XIs: Arsenal
pecheneg
Quick Pick: Celebrities in WWE's Hall of Fame
aduchscher
A-Z Keypad Blitz II
pecheneg
Multiple Oscar Actors
pecheneg
Mystery Phrase Blitz: Oscar 'Best Actors'
pecheneg
F. Scott Fitzgerald Novels
LTH
Pick 3 Villains
ddd62291
Trending Topics
Harry Potter
Disney
Crossword
NBA
Kpop
Marvel
Anime
Pokémon
Song
WWE
NFL
The Office
Country
Soccer
Puzzle
Your Account Isn't Verified!
In order to create a playlist on Sporcle, you need to verify the email address you used during registration. Go to your
Sporcle Settings
to finish the process.
Report this User
Report this user for behavior that violates our
Community Guidelines
.
Details:
Send Report
Go to the Sporcle.com Mobile Site →
Comments